000
003300000a22001570004500
001
000359
003
MACL
040
_a
MACL
090
_c
359
_d
359
100
_a
Singh, Arjan
245
_a
A Tiger's Story
_c
Arjan Singh
260
_a
Harper Collins Publishers,
_c
1999
350
_a
295
650
_a
Animals
942
_k
600
_c
Book
999
_c
49666
_d
49666